| 000 | 00906nam a2200277 a 4500 | ||
|---|---|---|---|
| 001 | 54574 | ||
| 003 | BD-RJUL | ||
| 005 | 20211209080136.0 | ||
| 008 | 161107s1961 enk b 000 0 eng | ||
| 035 | _aBD-RJUL | ||
| 040 |
_aDLC _cFXG _dOCL _dUKM _dEQO _beng |
||
| 041 | 1 | _aengper | |
| 082 |
_a891.51 _223 _bART 1961 |
||
| 100 |
_aArberry, A. J. _9162784 |
||
| 245 | 1 | 0 |
_aTales from the Masnavi / _cA. J. Arberry. |
| 260 |
_aLondon : _bAllen and Unwin, _c1961. |
||
| 300 |
_a300 p. ; _c22 cm. |
||
| 490 | 1 | _aUNESCO collection of representative works. Persian series | |
| 500 | _aSequel: More tales from the Masnavi. | ||
| 504 | _aIncludes bibliographical references. | ||
| 650 |
_aParsian Literature _9162785 |
||
| 700 | 1 |
_aArberry, A. J. _q(Arthur John), _d1905-1969. _9162786 |
|
| 830 | 0 |
_aUNESCO collection of representative works. _9162787 |
|
| 942 |
_2ddc _cBK |
||
| 999 |
_c54574 _d54574 |
||